Score 0/34 Timer 06:00
0 Plays Today
Year Super Sentai % Correct
1975-1977Himitsu Sentai Goranger
93.8%
2009-2010Samurai Sentai Shinkenger
89.3%
1992-1993Kyoryu Sentai Zyuranger
88.4%
1996-1997Gekisou Sentai Carranger
88.4%
1977J.A.K.Q. Dengekitai
87.6%
2007-2008Juuken Sentai Gekiranger
87.6%
2008-2009Engine Sentai Go-onger
87.1%
2001-2002Hyakujuu Sentai Gaoranger
86.7%
2004-2005Tokusou Sentai Dekaranger
86.7%
2005-2006Mahou Sentai Magiranger
86.7%
2003-2004Bakuryuu Sentai Abaranger
85.8%
1993-1994Gosei Sentai Dairanger
85.3%
1995-1996Choriki Sentai Ohranger
85.3%
2006-2007GoGo Sentai Boukenger
85.3%
1979Battle Fever J
84.9%
1997-1998Denji Sentai Megaranger
84.4%
1998-1999Seijuu Sentai Gingaman
84%
Year Super Sentai % Correct
2000-2001Mirai Sentai Timeranger
84%
2002-2003Ninpu Sentai Hurricanger
84%
1984-1985Choudensi Bioman
83.6%
1989-1990Kosoku Sentai Turboranger
83.6%
2010-??Tensou Sentai Goseiger
83.6%
1991-1992Chojin Sentai Jettoman
83.1%
1994-1995Ninja Sentai Kakuranger
82.2%
1999-2000Kyuukyuu Sentai GoGoV
82.2%
1987-1988Hikari Sentai Maskman
81.3%
1981-1982Taiyou Sentai Sun Vulcan
80.9%
1986-1987Chousinsei Flashman
80.4%
1990-1991Chikyu Sentai Fiveman
80.4%
1980-1981Denshi Sentai Denjiman
79.1%
1985-1986Dengeki Sentai Changeman
77.3%
1988-1989Choujuu Sentai Liveman
77.3%
1983-1984Kagaku Sentai Dynaman
76%
1982-1983Dai Sentai Google Five
60.9%
Remove Ads.
Support Sporcle.
Get the best of Sporcle when you Go Orange. This ad-free experience offers more features, more stats, and more fun while also helping to support Sporcle. Thank you for becoming a member.

You're not logged in!

Compare scores with friends on all Sporcle quizzes.
OR
Log In

Show Comments

Extras

Created Sep 26, 2009ReportNominate
Tags:fast, sentai

Top Quizzes Today


Score Distribution

Your Account Isn't Verified!

In order to create a playlist on Sporcle, you need to verify the email address you used during registration. Go to your Sporcle Settings to finish the process.

Report this User

Report this user for behavior that violates our Community Guidelines.

Details: